000 00910nas a2200277 4500
001 BR8300316
003 BR-BrBNA
005 20231205085409.0
007 ta
008 230509b bl.|||p| |||| 00| 00por d
040 _aBR-BrBNA
_bpor
_cBiblioteca Nacional de Agricultura
041 _a(Pt)
072 _aL73
100 1 _aCunha, R.G.
100 1 _aSouza, D.M. de
100 1 _aTeixeira, A.C.
245 1 _aAnticorpos precipitantes para o virus da lingua azul em soros de bovinos do estado do Rio de Janeiro [Brasil]
246 1 _aPrecipitating antibodies for bluetongue virus in sera of cattle from Rio de Janeiro state [Brazil]
650 _aBOVINO
650 _aLINGUA AZUL
650 _aANTICORPO
650 _aRIO DE JANEIRO
773 0 _tBiologico (Brazil)
_xISSN 0366-0567
_g(Apr 1982), v. 48(4) p. 99-103
_wBR8300316
909 _a202311
_bLúcia
_c55
_dLúcia Elande
942 _2AGRIS
_n0
_cANA
999 _c111189
_d111189